Finanční matematika pro každého /

Salvato in:
Dettagli Bibliografici
Autori principali: Radová, Jarmila (Autore), Dvořák, Petr (Autore)
Natura: Libro
Lingua:ceco
Pubblicazione: Praha : Grada Publishing, 1997
Edizione:1.vyd.
Soggetti:
Accesso online:OBSAH
Tags: Aggiungi Tag
Nessun Tag, puoi essere il primo ad aggiungerne!!

MARC

LEADER 00000nam a22000003a 4500
001 stu46148
005 20190206132340.3
008 980123s1997----cs------------------cze-d
020 |a 80-7169-348-0 
040 |a STU  |b slo 
041 0 |a cze 
044 |a cs 
080 |a 51  |7 stu_us_auth*stu8333 
080 |a 336 
100 1 |a Radová, Jarmila  |4 aut 
245 1 |a Finanční matematika pro každého /  |c [aut.]Jarmila Radová, Petr Dvořák 
250 |a 1.vyd. 
260 |a Praha :  |b Grada Publishing,  |c 1997 
300 |a 223 s 
650 7 |a matematika finančná  |2 stusub 
650 7 |a financie  |2 stusub 
650 7 |a matematika  |2 stusub 
700 1 |a Dvořák, Petr  |4 aut 
856 4 |a https://sweb.mtf.stuba.sk/obsahy/financna_matematika_pre_kaydeho_97  |u https://sweb.mtf.stuba.sk/obsahy/financna_matematika_pre_kaydeho_97  |3 OBSAH 
996 |b 284M034715  |c M*9722-1  |l MMST  |s A  |a 24  |w stu46148_0001 
996 |b 284M024969  |c M*9722-2  |l MMKN  |s A  |a 24  |w stu46148_0002